000 00436nam a2200157Ia 4500
005 20250321090314.0
008 231217s9999 xx 000 0 und d
020 _a9788174467386
082 _a650 HUN;1 R
100 _aHundekar, S G. Hugar, S S. Kamble, H Y [et al...]
245 0 _aBusiness ethics human values
260 _c2009
_bExcel books
_aNew Delhi
300 _ax, 242
650 _aBusiness,ethics,values
942 _cAA
999 _c183950
_d183950